1711 1090 1273 1077 1651 1022 1781 1376 1811 1932 1688 1529 1522 1394 1893 1088 1542 1752 1501 1227 1743 1933 1011 1464 1183 1868 1055 1318 1653 1757 1702 1148 1023 1058 1730 1677 1537 1996 1919 1371 1857 1974 1634 1489 1003 1833 1091 1950 1881 1639 1295 1083 1927 1381 1539 1948 1990 1307 1213 1912 1043 1924 1726 1249 1882 1217 1204 1009 1379 1976 1141 1314 1844 1756 1418 1274 1411 1595 1070 1744 1732 1129 1261 1066 1529 1559 1965 1803 1495 1866 1224 1374 1338 1773 1814 1361 1478 1482 1630 BCNSPRNW ULIB Ver.6.0+V

เปลี่ยนเป็นภาษาไทย

Change to English
 แสดงรายละเอียดบรรณานุกรม
  กลับหน้าหลัก

Brief Record : Get Marc (ISO 2709) : E-mail record : QR code < ปิดหน้าต่าง
LEADER : 00000nam 2200000uu 4500
001    13399128708
003     ULIB
008    240804s2566||||th 000 0 tha d
020    ^a9789740341383
060 04 ^aWY152.3^bว492ก
100 0  ^aวาสินี วิเศษฤทธิ์
245 10 ^aการดูแลแบบประคับประคอง :^bการออกแบบระบบบริการและการพัฒนาสมรรถนะพยาบาลวิชาชีพ /^cวาสินีวิเศษฤทธิ์
250    ^aพิมพ์ครั้งที่ 2
260    ^aกรุงเทพฯ :^bสำนักพิมพ์จุฬาลงกรณ์มหาวิทยาลัย,^c2566
300    ^aก-ฌ, 189 หน้า :^bภาพประกอบ ;^c26 ซม.
650  4 ^aการรักษาเพื่อบรรเทาอาการ
650  4 ^aผู้ป่วยระยะสุดท้าย^xการดูแล
650  4 ^aผู้ป่วยหนัก, การดูแล
945    ^p320^l0^i30141
945    ^p320^l0^i30142
999    ^aกัณชพร จุลอักษร
รายการนี้ยังไม่มีแท็ก
คุณยังไม่ได้ล็อกอิน คุณสามารถมีกิจกรรมร่วมกับเว็บไซต์ได้ แต่ต้องล็อกอินก่อน ::
  ล็อกอิน

รายการสื่อสารสนเทศ

ลำดับที่ ประเภท เลขเรียก/บาร์โค้ด สถานที่ สถานะ
1. หนังสือสำรอง
หนังสือสำรอง
WY152.3 ว492ก ฉ.1 
  Barcode: 30141
ห้องสมุดวิทยาเขตนครสวรรค์
►หนังสือทั่วไป:l:General Books
บนชั้น
2. วิทยาศาสตร์การแพทย์ และสุขภาพ
วิทยาศาสตร์การแพทย์ และสุขภาพ
WY152.3 ว492ก ฉ.2 
  Barcode: 30142
ห้องสมุดวิทยาเขตนครสวรรค์
►หนังสือทั่วไป:l:General Books
บนชั้น

รายการใกล้เคียง
    ผู้แต่ง [วาสินี วิเศษฤทธิ์]

    หัวเรื่อง [การรักษาเพื่อบรรเทาอาการ]
    หัวเรื่อง [ผู้ป่วยหนัก, การดูแล]

BibComment


ยังไม่เคยถูกคอมเมนท์

คอมเมนท์ทรัพยากรรายการนี้
  คอมเมนท์: การดูแลแบบประคับ..


 Copyright 2026. Bcnsprnw @Library